Aplikácia marketingu v oblasti biopotravín a ich využitie vo vybranom podniku spoločného stravovania diplomová práca

Salvato in:
Dettagli Bibliografici
Autore principale: Kuriatniková, Veronika
Ente Autore: Obchodná fakulta EU. Katedra tovaroznalectva a kvality tovaru
Altri autori: Lacková, Alica
Natura: Libro
Lingua:slovacco
Pubblicazione: Bratislava 2012
Tags: Aggiungi Tag
Nessun Tag, puoi essere il primo ad aggiungerne!!

MARC

LEADER 00000nbm a2200000 4500
001 0158854
005 20161109102212.8
041 0 |a slo 
044 |a SK 
245 1 0 |a Aplikácia marketingu v oblasti biopotravín a ich využitie vo vybranom podniku spoločného stravovania  |b diplomová práca  |c Veronika Kuriatniková ; školiteľ: Alica Lacková 
264 1 |a Bratislava  |c 2012 
300 |a 64 s. 
100 1 |a Kuriatniková, Veronika 
700 1 |a Lacková, Alica 
710 2 |a Obchodná fakulta EU. Katedra tovaroznalectva a kvality tovaru